| 000 | 00513nam a2200157Ia 4500 | ||
|---|---|---|---|
| 999 |
_c9234 _d9234 |
||
| 008 | 201231s9999 xx 000 0 und d | ||
| 020 | _a0415120470 | ||
| 100 |
_aFrieden, Jeffry A. and Lake, David A. _94561 |
||
| 245 | 0 |
_aInternational political economy : perspectives on global power and wealth / _cby Jeffry A. Frieden and David A. Lake. |
|
| 250 | _a3rd ed. | ||
| 260 |
_aLondon _bRoutledge _c1995 |
||
| 300 | _a546p. | ||
| 650 | 0 | _aInternational Economics | |
| 700 |
_94562 _aLake, David A. |
||
| 942 |
_cBK _2ddc |
||